MARC details
| 000 -LEADER |
| fixed length control field |
00920cam a2200241 4500 |
| 001 - CONTROL NUMBER |
| control field |
WS105102 |
| 008 - FIXED-LENGTH DATA ELEMENTS--GENERAL INFORMATION |
| fixed length control field |
000000n 000 0 eng u |
| 035 ## - SYSTEM CONTROL NUMBER |
| System control number |
(Sirsi) u105102 |
| 245 ## - TITLE STATEMENT |
| Title |
icollector |
| 520 ## - SUMMARY, ETC. |
| Summary, etc. |
Site describing itself as 'the premium online auction service for art, antiques and collectibles'. Includes auction catalogues, an alphabetical list of dealers and links to exhibitions. Also includes the Art Price Guide, a searchable list of over 1m auction record sales since 1987. |
| 650 ## - SUBJECT ADDED ENTRY--TOPICAL TERM |
| Topical term or geographic name entry element |
ONLINE AUCTIONS |
| 650 ## - SUBJECT ADDED ENTRY--TOPICAL TERM |
| Topical term or geographic name entry element |
AUCTION CATALOGUES |
| 650 0# - SUBJECT ADDED ENTRY--TOPICAL TERM |
| Topical term or geographic name entry element |
ART PRICE GUIDE |
| 650 0# - SUBJECT ADDED ENTRY--TOPICAL TERM |
| Topical term or geographic name entry element |
AUCTION RESULTS |
| 650 0# - SUBJECT ADDED ENTRY--TOPICAL TERM |
| Topical term or geographic name entry element |
PRICE GUIDE |
| 650 ## - SUBJECT ADDED ENTRY--TOPICAL TERM |
| Topical term or geographic name entry element |
DEALERS |
| 650 ## - SUBJECT ADDED ENTRY--TOPICAL TERM |
| Topical term or geographic name entry element |
FINE ARTS |
| 650 ## - SUBJECT ADDED ENTRY--TOPICAL TERM |
| Topical term or geographic name entry element |
Arts and antiques |
| 9 (RLIN) |
6217 |
| 650 0# - SUBJECT ADDED ENTRY--TOPICAL TERM |
| Topical term or geographic name entry element |
COLLECTIBLES |
| 690 ## - LOCAL SUBJECT ADDED ENTRY--TOPICAL TERM (OCLC, RLIN) |
| Topical term or geographic name as entry element |
Auctioneering |
| 9 (RLIN) |
6218 |
| 856 40 - ELECTRONIC LOCATION AND ACCESS |
| Uniform Resource Identifier |
<a href="https://www.icollector.com/">https://www.icollector.com/</a> |
| Public note |
View the website free of charge at www.icollector.com/... |
| 942 ## - ADDED ENTRY ELEMENTS (KOHA) |
| Suppress in OPAC |
0 |